| 000 | 00632nam a2200205 a 4500 | ||
|---|---|---|---|
| 005 | 20210223133020.0 | ||
| 008 | 160824s2012 ag r 000 0 spa d | ||
| 020 | _a9789876011457 | ||
| 035 | _aUPN01000212555 | ||
| 049 | _aCG | ||
| 050 | 4 |
_aLC212.5 _bV4.7 |
|
| 100 | 1 |
_aVeleda, Cecilia _939462 |
|
| 245 | 1 | 3 |
_aLa segregación educativa : _bentre la fragmentación de las clases medias y la regulación atomizada / _cCecilia Veleda. |
| 260 |
_aBuenos Aires : _bStella : _bLa Crujía, _c2012. |
||
| 300 | _a278 p. | ||
| 440 | 0 | _aItinerarios | |
| 650 | 4 |
_aSEGREGACION EN LA EDUCACION _925120 |
|
| 905 | _aLibro | ||
| 999 |
_c184655 _d184655 |
||